书目信息 |
| 题名: |
连锁店商品开发
|
|
| 作者: | 渥美俊一, , 樱井多惠子, 著 ;金好来商学院 译 | |
| 分册: | ||
| 出版信息: | 北京 东方出版社 2019.07 |
|
| 页数: | 10, 277页 | |
| 开本: | 21cm | |
| 丛书名: | 图解服务的细节 | |
| 单 册: | ||
| 中图分类: | F717.6 | |
| 科图分类: | ||
| 主题词: | 连锁店--lian suo dian--商业管理 | |
| 电子资源: | ||
| ISBN: | 978-7-5207-1062-6 | |
| 000 | 01208nam 2200301 450 | |
| 001 | CAL 009661612 | |
| 005 | 20230217093113.0 | |
| 010 | @a978-7-5207-1062-6@dCNY68.00 | |
| 100 | @a20190823d2019 em y0chiy0120 ea | |
| 101 | 1 | @achi@cjpn |
| 102 | @aCN@b110000 | |
| 105 | @aak z 000yy | |
| 106 | @ar | |
| 200 | 1 | @a连锁店商品开发@Alian suo dian shang pin kai fa@f(日) 渥美俊一, 樱井多惠子著@g金好来商学院译 |
| 210 | @a北京@c东方出版社@d2019.07 | |
| 215 | @a10, 277页@c图@d21cm | |
| 225 | 2 | @a图解服务的细节@Atu jie fu wu de xi jie@v087 |
| 300 | @a“十三五”国家重点出版物出版规划项目 | |
| 314 | @a樱井多惠子, 日本Retailing Center销售规划咨询师。 | |
| 330 | @a本书作者总结了40年的连锁店商品开发经验和方法。内容包括: 商品开发的思维方式、在日本和欧美的、基本概念的正确使用方法、在连锁店的商品开发中重要的供应商开发、通往畅销商品之路等。 | |
| 410 | 0 | @12001 @a图解服务的细节@v087 |
| 606 | 0 | @a连锁店@Alian suo dian@x商业管理 |
| 690 | @aF717.6@v5 | |
| 701 | 0 | @a渥美俊一,@Awo mei jun yi@f1926-2010@4著 |
| 701 | 0 | @a樱井多惠子,@Aying jing duo hui zi@f1947-@4著 |
| 712 | 02 | @a金好来商学院@Ajin hao lai shang xue yuan@4译 |
| 801 | 0 | @aCN@bBJXHZP@c20230228 |
| 905 | @b1390673-6@dF717.6@e1398@f4 | |
| 连锁店商品开发/(日) 渥美俊一, 樱井多惠子著/金好来商学院译.-北京:东方出版社,2019.07 |
| 10, 277页:图;21cm.-(图解服务的细节;087) |
| “十三五”国家重点出版物出版规划项目 |
| ISBN 978-7-5207-1062-6:CNY68.00 |
| 本书作者总结了40年的连锁店商品开发经验和方法。内容包括: 商品开发的思维方式、在日本和欧美的、基本概念的正确使用方法、在连锁店的商品开发中重要的供应商开发、通往畅销商品之路等。 |
| ● |
| 相关链接 |
|
|
|
|
正题名:连锁店商品开发
索取号:F717.6/1398
 
预约/预借
| 序号 | 登录号 | 条形码 | 馆藏地/架位号 | 状态 | 备注 |
| 1 | 1390673 | 213906736 | 第一样本阅览室/ [索取号:F717.6/1398] | 在馆 | |
| 2 | 1390674 | 213906745 | 第一借阅区/ [索取号:F717.6/1398] | 在馆 | |
| 3 | 1390675 | 213906754 | 第一借阅区/ [索取号:F717.6/1398] | 在馆 | |
| 4 | 1390676 | 213906763 | 第一借阅区/ [索取号:F717.6/1398] | 在馆 |